|
|
|
|
| LEADER |
00000nam0a2200000 4500 |
| 001 |
257626 |
| 005 |
20231101233224.0 |
| 010 |
|
|
|a 9785699566532
|
| 035 |
|
|
|a (RuTPU)RU\TPU\book\280439
|
| 090 |
|
|
|a 257626
|
| 100 |
|
|
|a 20140418d2014 m y0rusy50 ca
|
| 101 |
0 |
|
|a rus
|
| 102 |
|
|
|a RU
|
| 105 |
|
|
|a a z 000zy
|
| 200 |
1 |
|
|a Модульное оригами: забавные объемные фигурки
|f А. А. Зайцева
|
| 210 |
|
|
|a Москва
|c Эксмо
|d 2014
|
| 215 |
|
|
|a 64 с.
|c ил.
|
| 225 |
1 |
|
|a Азбука рукоделия
|
| 330 |
|
|
|a В своей новой книге Анна Зайцева, известный российский дизайнер, член Международной ассоциации "Союз дизайнеров", познакомит вас с невероятно увлекательной техникой работы с бумагой - модульным оригами. Вы научитесь выбирать подходящую для работы бумагу и складывать базовые треугольные модули, а затем создадите из разноцветного бумажного конструктора настоящий зоопарк! Благодаря пошаговым иллюстрациям и подробным описаниям к каждой модели модульное оригами полюбят как дети, так и их родители.
|
| 606 |
1 |
|
|a Оригами
|2 stltpush
|3 (RuTPU)RU\TPU\subj\70631
|9 84836
|
| 610 |
1 |
|
|a декоративно-прикладное искусство
|
| 610 |
1 |
|
|a бумага
|
| 610 |
1 |
|
|a поделки
|
| 610 |
1 |
|
|a рукоделие
|
| 675 |
|
|
|a 745/.749
|v 3
|
| 700 |
|
1 |
|a Зайцева
|b А. А.
|g Анна Анатольевна
|
| 801 |
|
1 |
|a RU
|b 63413507
|c 20140418
|
| 801 |
|
2 |
|a RU
|b 63413507
|c 20140710
|g RCR
|
| 900 |
|
|
|a Объемное моделирование
|
| 942 |
|
|
|c BK
|
| 959 |
|
|
|a 67/20140410
|d 1
|e 0
|f ХФ:1
|